| 000 | 00446nam a22001697a 4500 | ||
|---|---|---|---|
| 005 | 20251108171813.0 | ||
| 008 | 250721s1983 xx 000 0 ara d | ||
| 082 | 1 | 4 | _aق/محم |
| 100 | 1 | _aالحسناوي، محمد | |
| 245 | 1 | 0 |
_aالحلبة و المرأة : _bقصص / |
| 250 | _aط2 | ||
| 264 | 1 |
_aعمان : _bدار عمار، _c1983. |
|
| 300 | _a110ص | ||
| 650 | 1 | 7 | _aقصص الأطفال |
| 942 |
_2ddc _cBK |
||
| 999 |
_c62948 _d62948 |
||